Pee-Wee Herman Franchise - Statistics

General Stats
  • This quiz has been taken 17 times
  • The average score is 4 of 5
Answer Stats
Type Year Name Info % Correct
Film 1985 Pee-wee's Big Adventure Warner Bros.
100%
TV Show 1986-1990 Pee-wee's Playhouse CBS
89%
Film 1988 Big Top Pee-wee Paramount
67%
Film 2016 Pee-wee's Big Holiday Netflix
56%
Stage Show 1980 The Pee-wee Herman Show Paul Reubens
56%
No matching quizzes found
Score Distribution
Percent of People with Each Score
Percentile by Number Answered
Your Score History
You have not taken this quiz